Tyler, The Creator - IGOR: Sudden Death - Statistics

General Stats
  • This quiz has been taken 159 times
  • The average score is 9 of 12
Answers on the Grid
Answers color-coded by a green-red scale on the quiz's grid according to % correct below.
DOGTOOTH
ARE WE STILL FRIENDS?
WHAT'S GOOD
PILOT
BOYFRIEND, GIRLFRIEND
A BOY IS A GUN*
FUCKING YOUNG / PERFECT
TAKE YOUR MASK OFF
EXACTLY WHAT YOU RUN FROM YOU END UP CHASING
MOMMANEM
NEW MAGIC WAND
DARLING, I
RUNNING OUT OF TIME
BEST INTEREST
BUFFALO
I HOPE YOU FIND YOUR WAY HOME
I DON'T LOVE YOU ANYMORE
I THINK
LEMONHEAD
PUPPET
WHERE THIS FLOWER BLOOMS
SEE YOU AGAIN
GONE, GONE / THANK YOU
IGOR'S THEME
EARFQUAKE
 
Answer Stats
Answer % Correct
ARE WE STILL FRIENDS?
96%
A BOY IS A GUN*
81%
WHAT'S GOOD
77%
NEW MAGIC WAND
74%
GONE, GONE / THANK YOU
71%
RUNNING OUT OF TIME
71%
EARFQUAKE
70%
IGOR'S THEME
70%
I THINK
69%
PUPPET
67%
I DON'T LOVE YOU ANYMORE
66%
EXACTLY WHAT YOU RUN FROM YOU END UP CHASING
63%
No matching quizzes found
Score Distribution
Percent of People with Each Score
Percentile by Number Answered
Your Score History
You have not taken this quiz